Прейскурант типовых ремонтных работ для судов типа ПТ/X "Ленинский комсомол". Ч. 2. Раздел 7: Судовые трубопроводы и системы с аппаратами и арматурой | Раздел 8. Электрооборудование (Запись № 8155228)

Подробности
000 -МАРКЕР
контрольное поле 01656nam2a22002651 4500
001 - ИДЕНТИФИКАТОР ЗАПИСИ
контрольное поле rc\4840734
005 - ИДЕНТИФИКАТОР ВЕРСИИ
контрольное поле 20250612193600.0
021 ## - НОМЕР ГОСУДАРСТВЕННОЙ РЕГИСТРАЦИИ
Код страны Российская Федерация
Номер Рг5848-66
035 ## - ДРУГИЕ СИСТЕМНЫЕ НОМЕРА
Идентификатор записи (NLR Aleph) 008809899
100 ## - ДАННЫЕ ОБЩЕЙ ОБРАБОТКИ
Данные общей обработки 20130426d1965 |||y0rusy50 ca
101 0# - ЯЗЫК РЕСУРСА
Язык текста, звукозаписи и т.д. русский
102 ## - СТРАНА ПУБЛИКАЦИИ ИЛИ ПРОИЗВОДСТВА
Страна публикации Российская Федерация
105 ## - ПОЛЕ КОДИРОВАННЫХ ДАННЫХ: ТЕКСТОВЫЕ МАТЕРИАЛЫ, МОНОГРАФИЧЕСКИЕ
Кодированные данные о монографическом текстовом документе y z |||||
200 1# - ЗАГЛАВИЕ И СВЕДЕНИЯ ОБ ОТВЕТСТВЕННОСТИ
Основное заглавие Судовые трубопроводы и системы с аппаратами и арматурой
Сведения, относящиеся к заглавию [Утв. 6/II 1965 г.]
Основное заглавие Раздел 8. Электрооборудование
Сведения, относящиеся к заглавию [Утв. 31/III 1965 г.]
210 ## - ПУБЛИКАЦИЯ, РАСПРОСТРАНЕНИЕ И ДР.
Дата издания, распространения и т.д. 1965
Место издания, распространения и т.д. Б. м.
215 ## - ФИЗИЧЕСКАЯ ХАРАКТЕРИСТИКА
Специфическое обозначение материала и объем 260 с.
Размеры 15х22
300 ## - ОБЩИЕ ПРИМЕЧАНИЯ
Текст примечания Описано по обл. Каждый раздел имеет самостоят. тит. л.
461 #0 - УРОВЕНЬ НАБОРА
Встроенное поле 001rc\4840732
-- 2001#$aПрейскурант типовых ремонтных работ для судов типа ПТ/X "Ленинский комсомол"$fСССР. М-во мор. флота. Черномор. мор. пароходство. Одес. судоремонтный завод № 1$vЧ. 2. Раздел 7
Системный номер (АБИС) связанной записи 8155218
Автор Черноморское морское пароходство
Место публикации Одесса
Дата публикации 1965
Первые сведения об ответственности СССР. М-во мор. флота. Черномор. мор. пароходство. Одес. судоремонтный завод № 1
Имя издателя, распространителя и т.д. Б. и.
Заглавие Прейскурант типовых ремонтных работ для судов типа ПТ/X "Ленинский комсомол"
Номер тома Ч. 2. Раздел 7
517 0# - ДРУГИЕ ВАРИАНТЫ ЗАГЛАВИЯ
Вариант заглавия Электрооборудование
801 #0 - ИСТОЧНИК ЗАПИСИ
Страна Российская Федерация
Организация NLR
Правила каталогизации psbo
801 #1 - ИСТОЧНИК ЗАПИСИ
Страна Российская Федерация
Организация ELAR
Источник данных rusmarc
852 ## - МЕСТОНАХОЖДЕНИЕ И ШИФР ХРАНЕНИЯ
Идентификатор организации NLR
Шифр хранения (Call Number) Пт 90.1/216
942 ## - ДОПОЛНИТЕЛЬНЫЕ ЭЛЕМЕНТЫ ЗАПИСИ (АБИС)
Тип экземпляра АБИС Книга
980 ## - КОЛЛЕКЦИЯ
Название коллекции Национальная библиография
Экземпляры
Тип экземпляра Дата поступления Библиотека постоянного хранения Библиотека текущего хранения Место хранения Шифр хранения Штрих-код Статус экземпляра
Книга 26.10.2013 РНБ (Московский) РНБ (Московский) Фонд нормативно-технических и технических документов Пт 90.1/216 8809899-10